Catálogo
 En Linea

Subrepticio. (Registro nro. 48404)

Detalles MARC
000 -CABECERA
campo de control de longitud fija 00265nam a2200109 a 4500
005 - FECHA Y HORA DE LA ÚLTIMA TRANSACCIÓN
campo de control 20201002061516.0
008 - DATOS DE LONGITUD FIJA--INFORMACIÓN GENERAL
campo de control de longitud fija 190501s2004 000 spa d
040 ## - FUENTE DE LA CATALOGACIÓN
Centro catalogador/agencia de origen DO-SdBNP
100 ## - ENTRADA PRINCIPAL--NOMBRE DE PERSONA
Nombre de persona Gil, Chris
9 (RLIN) 76352
245 #0 - MENCIÓN DE TÍTULO
Título Subrepticio.
260 ## - PUBLICACIÓN, DISTRIBUCIÓN, ETC.
Lugar de publicación, distribución, etc. Santo Domingo,
Fecha de publicación, distribución, etc. [s.f.].

No hay ítems disponibles.

Con tecnología Koha